000 00720nam a2200229Ia 4500
003 OSt
005 20220923212313.0
006 a|||||r|||| 00| 0
007 ta
008 220922b |||||||| |||| 00| 0 hin d
024 _a152,101
037 _cTextual
040 _aARTS
_cARTS
_bhin
041 _2hin
_ahin
082 _aO111:2J64:12, 152K7-;1,152K7-;4 (MILSC)
100 _aशेक्सपियर
245 0 _aमैकबैथ, अनु रांगेय राघव
246 _aMaikabaitha, anu0 rāangeya rāghava
260 _c1967
942 _hO111:2J64:12, 152K7-;1,152K7-;4 (MILSC)
_cTEXL
_2CC
999 _c307773
_d307773